000 00408nam a22001697a 4500
003 SGT
020 _a9788131803226
082 _a612.015
_bB08C
100 _aB.S. CHAUHAN
245 _aPRINCIPAL OF BIOCHEMISTRY AND BIOPHYSICS
250 _a1ST
260 _aNEW DELHI
_bUNIVERSITY PRESS
_c2008
300 _a829
650 _a BIOCHEMISTRY AND BIOPHYSICS
653 _a BIOCHEMISTRY
942 _2ddc
_cBK
999 _c23845
_d23845